LEADER 00473cac0 22001811 450 001 LAEC00025657 005 20110502122426.0 100 $a20110502f0000 |||||ita|0103 ba 102 $aFR 110 $ab 200 1 $aDossiers 801 0$aIT$bUNISOB$c20110502$gRICA 912 $aLAEC00025657 940 $aC 121 Collana SBN 941 $aC 996 $aDossiers$91693740 997 $aUNISOB 998 \\$1001E600200041313$12001 $a<>Europe de l'Est face au marchè commun